| 000 | 02597nam a22003017 4500 | ||
|---|---|---|---|
| 001 | 193554 | ||
| 003 | ES-MaACL | ||
| 005 | 20250708203023.0 | ||
| 008 | 240108s2023 sp ||||| |||| 00| 0 spa d | ||
| 020 | _a9788479435684 | ||
| 040 | _cES-MaACL | ||
| 100 |
_aHerrero de Padura, Mercedes _9234853 _eaut |
||
| 245 | 1 | 4 |
_aLas Cortes y los héroes : _blas inscripciones en el salón de sesiones del Congreso de los Diputados y del Senado (1811-1931) / _cMercedes Herrero de Padura ; Victoria Fernandez Mera. |
| 260 |
_a[Madrid] : _bCongreso de los Diputados, _c2023 |
||
| 300 |
_a597 páginas : _bilustraciones ; _c24 cm |
||
| 520 | _a"Desde su instalación en Cádiz en 1810 hasta la Segunda República, las Cortes honraron a los que se señalaron en la lucha por la libertad de la nación y por las libertades de sus ciudadanos con la inscripción de sus nombres en letras doradas en el salón de sesiones. Daoiz, Riego, Torrijos, el Empecinado, Palafox, Prim, Canalejas, Martínez Campos, García Hernández… Un total de cuarenta y cuatro protagonistas de nuestra historia alcanza¬ron la máxima distinción otorgada por las Cortes: treinta a título individual -entre ellos una única mujer, Mariana de Pineda-, y catorce de forma colectiva como firmantes del proyecto de la Constitución de 1812. Tras la Guerra Civil, en un intento de borrar la memoria de las Cortes liberales y democráticas, todas las inscripciones fueron eliminadas. En la actualidad solo se conservan dos cartelas, cada una de ellas con seis nombres inscritos que salieron a la luz en 1986 durante unas labores de restauración. En un recorrido por nuestra historia política y parlamentaria, las autoras recuperan la memoria de aquellos héroes y beneméritos de la patria, destacando su humanidad y las ac¬ciones que los hicieron acreedores de la gratitud de las Cortes." | ||
| 610 | 1 | 4 |
_93671 _aEspaña. _bCortes Generales. _bCongreso |
| 610 | 1 | 4 |
_93674 _aEspaña. _bCortes Generales. _bSenado |
| 651 | 4 |
_aEspaña- _xHistoria- _y1814-1833, Fernando VII _98248 |
|
| 700 |
_qFernández Mera, Victoria _9234854 |
||
| 852 |
_aES-MaACL _bR.154820 _9201109 _cDEPOJ _jN-9635 _hDonación: Congreso de los Diputados _xEncuadernación rústica con solapas |
||
| 903 |
_aEspaña. _bCortes Generales. _bCongreso _ednr |
||
| 942 |
_n0 _cMONOGRAFIA |
||
| 999 |
_c193554 _d193554 |
||